| 000 | 00841nam a2200241Ia 4500 | ||
|---|---|---|---|
| 001 | 10691 | ||
| 003 | GE_BSU | ||
| 008 | 181216s||||||||xx |||||||||||||| ||und|| | ||
| 040 | _cGE_BSU | ||
| 080 | _a821.353.1–11 | ||
| 100 | _aფხაკაძე,ნიკოლოზ. | ||
| 245 | _aშრომადღეები. | ||
| 245 | _bპოემა. | ||
| 245 | _cმ.ტოროშელიძის რედაქციით და წინასიტყვაობით. | ||
| 260 | _aტბილისი. | ||
| 260 | _bსახელგამი. | ||
| 260 | _c1935. | ||
| 300 | _a314გვ,18სმ. | ||
| 300 | _eავტ.პორტრ;დამატ.თავფურც. | ||
| 520 | _aსათაური,რუსულ ენაზე. | ||
| 653 | _aშრომადღეები. | ||
| 942 | _cBK | ||
| 999 |
_c43942 _d43942 |
||